Sindhyat ja ranga (Record no. 1435186)

MARC details
000 -LEADER
fixed length control field 00625nam a22002177a 4500
005 - DATE AND TIME OF LATEST TRANSACTION
control field 20250904152648.0
008 - FIXED-LENGTH DATA ELEMENTS--GENERAL INFORMATION
fixed length control field 250904b |||||||| |||| 00| 0 eng d
037 ## - SOURCE OF ACQUISITION
Terms of availability TB
040 ## - CATALOGING SOURCE
Original cataloging agency CRL
Transcribing agency CRL
041 ## - LANGUAGE CODE
Source of code SIN
Language code of text/sound track or separate title SIN
084 ## - COLON CLASSIFICATION NUMBER
Classification number O1593:g R2
Item number CRL
100 ## - MAIN ENTRY--PERSONAL NAME
Personal name Goklani, Kamla
9 (RLIN) 820097
245 ## - TITLE STATEMENT
Title Sindhyat ja ranga
260 ## - PUBLICATION, DISTRIBUTION, ETC.
Place of publication, distribution, etc. Ajmer, India:
Name of publisher, distributor, etc. Satya Kishan publications,
Date of publication, distribution, etc. 2022.
300 ## - PHYSICAL DESCRIPTION
Extent 95p.
365 ## - TRADE PRICE
Price amount 250.00
Currency code INR
650 ## - SUBJECT ADDED ENTRY--TOPICAL TERM
Topical term or geographic name entry element Sindhi Literature
650 ## - SUBJECT ADDED ENTRY--TOPICAL TERM
Topical term or geographic name entry element Criticism
942 ## - ADDED ENTRY ELEMENTS (KOHA)
Source of classification or shelving scheme Colon Classification (CC)
Koha item type Textbook
Classification part O1593:g R2
Suppress in OPAC No
Holdings
Withdrawn status Lost status Source of classification or shelving scheme Damaged status Not for loan Home library Current library Date acquired Source of acquisition Cost, normal purchase price Inventory number Total Checkouts Full call number Barcode Date last seen Price effective from Koha item type
    Colon Classification (CC)     Central Library Central Library 2025-09-04 NCPSL 250.00 Gift   O1593:g R2 CL1700031 2025-09-04 2025-09-04 Textbook
Copyright @ Delhi University Library System